100 Largest US Cities - R - Statistics

General Stats
  • This quiz has been taken 297 times
  • The average score is 28 of 100
Answer Stats
Rank Population City % Correct
1 483,579 Raleigh, NC
95%
12 111,323 Richmond, CA
89%
57 35,226 Richmond, IN
89%
52 36,839 Richmond, KY
89%
4 232,866 Richmond, VA
89%
11 122,711 Rochester, MN
83%
60 31,880 Rochester, NH
83%
5 205,077 Rochester, NY
83%
2 334,772 Riverside, CA
76%
72 25,149 Riverside, OH
76%
3 266,511 Reno, NV
72%
8 144,213 Rockford, IL
60%
73 25,132 Reading, MA
58%
19 88,041 Reading, PA
58%
18 94,558 Redding, CA
56%
17 94,959 Roswell, GA
55%
38 47,589 Roswell, NM
55%
10 124,213 Richardson, TX
54%
16 99,411 Roanoke, VA
54%
51 36,940 Rome, GA
48%
59 32,092 Rome, NY
48%
6 178,119 Rancho Cucamonga, CA
46%
7 146,594 Roseville, CA
44%
41 46,510 Roseville, MI
44%
54 36,677 Roseville, MN
44%
25 76,130 Racine, WI
42%
22 80,169 Rapid City, SD
42%
14 101,679 Renton, WA
41%
31 68,181 Rockville, MD
41%
15 101,570 Rio Rancho, NM
40%
13 104,114 Rialto, CA
37%
33 59,609 Richland, WA
37%
9 142,418 Round Rock, TX
37%
56 35,439 Redmond, OR
36%
21 80,915 Redmond, WA
36%
42 44,806 Riverton, UT
36%
29 70,737 Rogers, AR
34%
97 15,698 Riverdale, GA
32%
27 72,339 Rocklin, CA
32%
28 71,707 Redlands, CA
28%
24 76,228 Rock Hill, SC
26%
46 40,315 Roy, UT
26%
32 65,835 Redondo Beach, CA
25%
20 85,565 Redwood City, CA
25%
90 18,137 Rutherford, NJ
23%
58 34,352 Randolph, MA
22%
36 53,302 Rocky Mount, NC
22%
86 20,705 Rolla, MO
22%
50 37,154 Richfield, MN
18%
37 52,253 Revere, MA
17%
26 74,460 Rochester Hills, MI
17%
23 76,305 Rancho Cordova, CA
15%
83 22,105 Rock Springs, WY
15%
61 30,868 Rexburg, ID
14%
55 36,666 Rock Island, IL
14%
89 18,545 Radford, VA
13%
77 23,793 Roseburg, OR
13%
98 15,547 Rye, NY
13%
65 29,359 Ramsey, MN
12%
62 30,081 Rahway, NJ
11%
39 47,516 Rockwall, TX
11%
47 40,086 Romeoville, IL
11%
67 28,665 Raytown, MO
10%
63 29,589 Russellville, AR
10%
85 21,506 Ruston, LA
10%
45 40,948 Rancho Palos Verdes, CA
9%
40 47,294 Rancho Santa Margarita, CA
9%
49 38,549 Reynoldsburg, OH
9%
94 17,122 Ripon, CA
9%
53 36,829 Riviera Beach, FL
9%
34 59,119 Royal Oak, MI
9%
99 15,157 Richmond Hill, GA
8%
66 29,217 Ridgecrest, CA
8%
48 39,265 Rosenberg, TX
8%
30 69,765 Rowlett, TX
8%
81 22,972 Radcliff, KY
7%
88 18,974 Rancho Mirage, CA
7%
100 15,011 Red Bluff, CA
7%
91 17,908 Republic, MO
7%
71 25,243 Riverbank, CA
7%
96 16,181 River Falls, WI
7%
87 19,758 Rocky River, OH
7%
43 42,521 Rohnert Park, CA
7%
92 17,872 Round Lake, IL
7%
70 25,760 Reedley, CA
6%
74 24,840 Ridgewood, NJ
6%
80 23,074 Raymore, MO
5%
95 16,244 Red Wing, MN
5%
76 23,898 Ridgeland, MS
5%
64 29,413 Rockledge, FL
5%
75 24,452 Rockville Centre, NY
5%
79 23,180 Rolling Meadows, IL
5%
78 23,605 Romulus, MI
5%
82 22,153 Roselle, IL
5%
84 21,741 Roselle, NJ
5%
35 53,722 Rosemead, CA
5%
69 26,461 Rosemount, MN
5%
68 26,732 Round Lake Beach, IL
5%
44 41,318 Royal Palm Beach, FL
5%
93 17,360 Royse City, TX
1%
No matching quizzes found
Score Distribution
Percent of People with Each Score
Percentile by Number Answered
Your Score History
You have not taken this quiz